| 000 | 00855nam a2200265 i 4500 | ||
|---|---|---|---|
| 001 | bg | ||
| 100 | 1 | _aGlińska-Neweś, Aldona. | |
| 245 | 1 | 0 |
_aKulturowe uwarunkowania zarządzania wiedzą w przedsiębiorstwie / _cAldona Glińska-Neweś. |
| 260 |
_aToruń : _bTowarzystwo Naukowe Organizacji i Kierownictwa "Dom Organizatora", _c2007. |
||
| 300 |
_a326 s. : _bil. ; _c24 cm. |
||
| 504 | _aBibliogr. s. 263-280. | ||
| 650 | 9 |
_aPrzedsiębiorstwo _xkultura |
|
| 650 | 9 | _aZarządzanie wiedzą | |
| 015 | _aPB 20494/2007 | ||
| 020 | _a9788372853370 | ||
| 020 | _a9788372853370 | ||
| 040 | _cBPK | ||
| 041 | 0 | _apol | |
| 044 | _aPOL | ||
| 080 | _a658.1/.5:005.94 | ||
| 920 | _a978-83-7285-337-0 | ||
| 942 | _cKS | ||
| 008 | 080312s2007 pl a |000 0 pol | ||
| 999 |
_c54423 _d54423 |
||
| 856 |
_uhttp://koha.tu.koszalin.pl/cgi-bin/koha/opac-detail.pl?biblionumber=54423 _yKatalog online BPK |
||